书目信息 |
| 题名: |
互动成长游戏心理辅导手册
|
|
| 作者: | 苏东辉 主编 | |
| 分册: | ||
| 出版信息: | 广州 广东教育出版社 2003 |
|
| 页数: | 93页 | |
| 开本: | 26cm | |
| 丛书名: | 学校团体心理辅导丛书 | |
| 单 册: | ||
| 中图分类: | B844.2 , G622.3 | |
| 科图分类: | ||
| 主题词: | 小学生--心理卫生--教学参考资料 , 活动课程--小学--教学参考资料 , 小学生 , 心理卫生 , 活动课程 | |
| 电子资源: | ||
| ISBN: | 7-5406-5165-2 | |
| 000 | 01053oam2 2200301 450 | |
| 001 | 1571945837 | |
| 005 | 20150129195920.64 | |
| 010 | @a7-5406-5165-2@dCNY13.70 | |
| 100 | @a20040112d2003 em y0chiy50 ea | |
| 101 | 0 | @achi |
| 102 | @aCN@b440000 | |
| 105 | @aa z 000yy | |
| 200 | 1 | @a互动成长游戏心理辅导手册@9hu dong cheng zhang you xi xin li fu dao shou ce@f苏东辉等主编 |
| 210 | @a广州@c广东教育出版社@d2003 | |
| 215 | @a93页@c照片@d26cm | |
| 225 | 2 | @a学校团体心理辅导丛书@v4 |
| 330 | @a该书探讨了开展游戏辅导活动的目的意义、内容、方法、形式以及设计带领技巧,对多年来开展游戏心理辅导实验过程中200多个游戏进行总结,并精选出36个经过实践检验、具有显著辅导效果的游戏辅导活动设计方案。 | |
| 461 | 0 | @12001 @a学校团体心理辅导丛书 |
| 606 | 0 | @a小学生@x心理卫生@j教学参考资料 |
| 606 | 0 | @a活动课程@x小学@j教学参考资料 |
| 606 | 0 | @a小学生 |
| 606 | 0 | @a心理卫生 |
| 606 | 0 | @a活动课程 |
| 690 | @aB844.2@v5 | |
| 690 | @aG622.3@v5 | |
| 701 | 0 | @a苏东辉@9su dong hui@4主编 |
| 801 | 0 | @aCN@bTSSF@c20150129 |
| 905 | @aZUCC@dB844.2@eJY50 | |
| 互动成长游戏心理辅导手册/苏东辉等主编.-广州:广东教育出版社,2003 |
| 93页:照片;26cm.-(学校团体心理辅导丛书;4) |
| ISBN 7-5406-5165-2:CNY13.70 |
| 该书探讨了开展游戏辅导活动的目的意义、内容、方法、形式以及设计带领技巧,对多年来开展游戏心理辅导实验过程中200多个游戏进行总结,并精选出36个经过实践检验、具有显著辅导效果的游戏辅导活动设计方案。 |
| ● |
| 相关链接 |
|
|
|
|
正题名:互动成长游戏心理辅导手册
索取号:B844.2/JY50
 
预约/预借
| 序号 | 登录号 | 条形码 | 馆藏地/架位号 | 状态 | 备注 |
| 1 | 7857824 | 278578246 | 学院路分馆/ [索取号:B844.2/JY50] | 在馆 |